| 000 | 00699nam a2200229Ia 4500 | ||
|---|---|---|---|
| 008 | 191130s2009##################000#0#eng## | ||
| 020 | _a9780071592611 | ||
| 022 | _a2008037479 | ||
| 040 |
_aACL _cACL |
||
| 082 | _a720 WOO | ||
| 100 | _aWoodson, R. Dodge | ||
| 245 |
_aBe a successful green builder _cR. Dodge Woodson |
||
| 260 |
_aNew York _bMcGraw-Hill _cc2009 |
||
| 300 | _axix, 363 p. : ill. ; 24 cm. | ||
| 500 | _aIncludes index | ||
| 650 | _aConstruction industry - Management | ||
| 650 | _aEcological houses - Design and construction | ||
| 650 | _aHouse construction - Environmental aspects | ||
| 990 | _a6887aa88ac10000c51e992d06c7d0dad | ||
| 991 | _a307943 | ||
| 999 |
_c112565 _d112565 |
||